LEADER 01005nam a2200253 4500 001 000000337426 003 CaOOAMICUS 005 20191023000000.0 008 191023s2000 it 000 u ita r 020 $a88-8274-118-4 040 $aSeMil$bita 100 1 $aSheldon, Sidney,$d<1917-2007>.$0(OLS)http://semarc/name/110384 240 14$aThe best laid plans.$0(OLS)http://semarc/title/426423 245 14$aUna donna non dimentica /$cSidney Sheldon. 264 1$aMilano :$bSperling Paperback,$c2000. 300 $a334 p. ;$c20 cm 500 $aTraduzione di Tullio Dobner 830 0$aSuperbestseller ;$v793.$0(OLS)http://semarc/title/424334 850 $aSeMil 852 $aSeMil$W1$xVenegono$y1$m1V VI 332$j217979$B229088$CSeMilBibl$Z2$F229088 $81 996 $6020$a88-8274-118-4$9(OLS)http://semarc/number/288980 996 $6245$aUna donna non dimentica$9(OLS)http://semarc/title/426424 996 $6264$aMilano :$bSperling Paperback$9(OLS)http://semarc/publisher/58639 LEADER 01005nam a2200253 i 4500 001 000000206455 003 CaOOAMICUS 005 20111005000000.0 008 111005s2008 it u000 u ita u 013 $a185224 020 $a978-88-517-1505-2 040 $aSeMil$bita 100 1 $aFerrari, Piermario.$0(OLS)http://semarc/name/74229 245 10$aSfide del postmoderno e risposta "ecumenica" /$cPiermario Ferrari. 250 $a2. ed. 260 $aFirenze :$bMEF L'Autore Libri,$cstampa 2008. 300 $a231 p. ;$c20 cm. 500 $aContiene : Bibliografia di riferimento. 650 4$aPostmoderno.$0(OLS)http://semarc/subject/3123 850 $aSeMil 852 $aSeMil$W1$xVenegono$y1$m1549 1 1 *$j156938$B156938$CSeMilBibl$Z2$F168286 $81 996 $6020$a978-88-517-1505-2$9(OLS)http://semarc/number/200460 996 $6245$aSfide del postmoderno e risposta "ecumenica"$9(OLS)http://semarc/title/298641 996 $6260$aFirenze :$bMEF L'Autore Libri$9(OLS)http://semarc/publisher/33188